000 00694nam a2200229 i 4500
001 79713
003 ES-MaACL
005 20230906174033.0
007 t|
008 041022s1954 sp ||||1| spa d
100 1 _aHertz, Herbert.
_963402
245 1 0 _aGrafología /
_cHerbert Hertz ; versión española de Pedro Voltes Bou.
250 _a[1ª ed. española].
260 _aBarcelona :
_bSalvat,
_c[1954] (
_fImp. Hispano-Americana)
300 _a122 p. :
_bil. ;
_c18 cm.
490 1 _aSurco
650 _aGrafología.
_913152
700 0 _aVoltes Bou, Pedro,
_d1926-2009
_9115726
830 0 _aSurco
_9181374
852 _aES-MaACL
_jC-7432
_bR.35904
999 _c79713
_d79713